00458nam a22001457a 4500003000400000005001700004008004100021020001800062040002500080082001500105100002600120245007900146260006000225300002700285OSt20210322115850.0210322b ||||| |||| 00| 0 spa d a9789945094558 aDO-SdBNPbspacBNPHU axxxbF316f10aFeliz, Carmen Manuela10aFony uno :bsobre el fascinante juego de los jacks /cCarmen Manuela Feliz aSanto Domingo :bEdiciones Ricardo Sánchez Ran,c2020 a27 p. :bil. ;c28 cm